| 000 | 00760nam a2200289Ia 4500 | ||
|---|---|---|---|
| 001 | 15505 | ||
| 003 | IT-RoPAU | ||
| 008 | 130308s9999 xx 000 0 und d | ||
| 040 | _aIT-RoPAU | ||
| 040 | _cIT-RoPAU | ||
| 041 | _aITALIANO | ||
| 100 | _aDavidson Donald | ||
| 100 | _gCodice Aut. SPICS: 7522 | ||
| 245 | _aVerità e significato (Truth and Meaning) | ||
| 245 | _bStruttura Logica del Linguaggio (La) | ||
| 250 | _a1a ed. | ||
| 260 | _aMILANO | ||
| 260 | _bBompiani | ||
| 260 | _c1973 [1° Ed.:1973 - Ed.Ling.Originale:1967] | ||
| 300 | _a"22 p. (prefazione: no ; testo: 22 [pagine: 433-454])" | ||
| 650 | _aLOGICA FILOSOFICA | ||
| 650 | _eCodice materia Spics: 3151 | ||
| 942 | _cBK | ||
| 957 | _71 | ||
| 999 |
_c39099 _d39099 |
||
| 999 | _bSI | ||
| 999 | _g1 | ||